MARC details
| 000 -CABECERA |
| campo de control de longitud fija |
01314nam a2200301 i 4500 |
| 003 - IDENTIFICADOR DEL NÚMERO DE CONTROL |
| campo de control |
DO-SdBNP |
| 005 - FECHA Y HORA DE LA ÚLTIMA TRANSACCIÓN |
| campo de control |
20230719080940.0 |
| 006 - CÓDIGOS DE INFORMACIÓN DE LONGITUD FIJA--CARACTERÍSTICAS DEL MATERIAL ADICIONAL |
| campo de control de longitud fija |
a||||gr|||| 00| 0 |
| 007 - CAMPO FIJO DE DESCRIPCIÓN FÍSICA--INFORMACIÓN GENERAL |
| campo de control de longitud fija |
ta |
| 008 - DATOS DE LONGITUD FIJA--INFORMACIÓN GENERAL |
| campo de control de longitud fija |
230704t2000 dr adbo| |||| 00| 0 spa d |
| 020 ## - NÚMERO INTERNACIONAL ESTÁNDAR DEL LIBRO |
| Número Internacional Estándar del Libro |
9994540038x |
| 040 ## - FUENTE DE LA CATALOGACIÓN |
| Centro catalogador/agencia de origen |
DO-SdBNP |
| Lengua de catalogación |
spa |
| Centro/agencia transcriptor |
BNPHU |
| Normas de descripción |
rda |
| 082 #4 - NÚMERO DE LA CLASIFICACIÓN DECIMAL DEWEY |
| Número de edición |
22 |
| Número de documento/Ítem |
H557h |
| 245 ## - MENCIÓN DE TÍTULO |
| Título |
Historia y Geografía dominicana de hoy: |
| Resto del título |
segundo grado. segundo ciclo del nivel medio. / |
| Mención de responsabilidad, etc. |
Ricardo Henández, Alejandro Hernández Grullón; colaboradores: Benito García, Henry Ml. Vargas; ilustraciones y fotografías: Ramón Sandoval, Deyanira Feliz Moreno, producción editorial: María de Jesús de la Rosa |
| 264 ## - PRODUCCIÓN, PUBLICACIÓN, DISTRIBUCIÓN, FABRICACIÓN Y COPYRIGHT |
| Producción, publicación, distribución, fabricación y copyright |
Santo Domingo : |
| Nombre del de productor, editor, distribuidor, fabricante |
Actualidad Escolar, |
| Fecha de producción, publicación, distribución, fabricación o copyright |
©2000 |
| 300 ## - DESCRIPCIÓN FÍSICA |
| Extensión |
224 páginas : |
| Dimensiones |
Ilustraciones, gráficas, mapas, fotografías ; |
| Material acompañante/anejo |
28 cm |
| 336 ## - TIPO DE CONTENIDO |
| Fuente |
rdaconten |
| Término de tipo de contenido |
texto |
| Código de tipo de contenido |
txt |
| 337 ## - TIPO DE MEDIO |
| Fuente |
rdamedia |
| Nombre/término del tipo de medio |
sin medición |
| Código del tipo de medio |
n |
| 338 ## - TIPO DE SOPORTE |
| Fuente |
rdacarrier |
| Nombre/término del tipo de soporte |
volumen |
| Código del tipo de soporte |
nc |
| 504 ## - NOTA DE BIBLIOGRAFÍA, ETC. |
| Nota de bibliografía, etc. |
224 |
| 700 1# - PUNTO DE ACCESO ADICIONAL--NOMBRE DE PERSONA |
| 9 (RLIN) |
44157 |
| Nombre de persona |
Hernández Grullón, Alejandro |
| 700 1# - PUNTO DE ACCESO ADICIONAL--NOMBRE DE PERSONA |
| Nombre de persona |
García, Benito, |
| Término indicativo de función/relación |
colaborador |
| 9 (RLIN) |
83684 |
| 700 1# - PUNTO DE ACCESO ADICIONAL--NOMBRE DE PERSONA |
| Nombre de persona |
Vargas, Henry Ml., |
| Término indicativo de función/relación |
colaborador |
| 9 (RLIN) |
83685 |
| 700 1# - PUNTO DE ACCESO ADICIONAL--NOMBRE DE PERSONA |
| 9 (RLIN) |
10955 |
| Nombre de persona |
Sandoval, Ramón, |
| Término indicativo de función/relación |
ilustraciones, fotografías |
| 700 1# - PUNTO DE ACCESO ADICIONAL--NOMBRE DE PERSONA |
| Nombre de persona |
Féliz Moreno, Deyanira, |
| Término indicativo de función/relación |
ilustraciones, fotografías |
| 9 (RLIN) |
73056 |
| 700 1# - PUNTO DE ACCESO ADICIONAL--NOMBRE DE PERSONA |
| 9 (RLIN) |
29833 |
| Nombre de persona |
Jesús de la Rosa, María del, |
| Término indicativo de función/relación |
editor |
| 942 ## - ELEMENTOS DE PUNTO DE ACCESO ADICIONAL (KOHA) |
| Fuente del sistema de clasificación o colocación |
Dewey Decimal Classification |
| Tipo de ítem Koha |
Libro |